| 000 -LEADER |
| fixed length control field |
01168nam a2200253Ia 4500 |
| 001 - CONTROL NUMBER |
| control field |
16202 |
| 003 - CONTROL NUMBER IDENTIFIER |
| control field |
GE_BSU |
| 008 - FIXED-LENGTH DATA ELEMENTS--GENERAL INFORMATION |
| fixed length control field |
181216s||||||||xx |||||||||||||| ||und|| |
| 020 ## - INTERNATIONAL STANDARD BOOK NUMBER |
| International Standard Book Number |
ISBN 978-9941-0-1998-2 |
| 040 ## - CATALOGING SOURCE |
| Transcribing agency |
GE_BSU |
| 100 ## - MAIN ENTRY--PERSONAL NAME |
| Personal name |
ინასარიძე, მაია. ლობჟანიძე, სოფიკო. მამუკაძე, შორენა. |
| 245 ## - TITLE STATEMENT |
| Title |
მასწავლებლის ეთიკის სახელმძღვანელო. |
| 245 ## - TITLE STATEMENT |
| Remainder of title |
სიტუაციები სასკოლო ცხოვრებიდან. |
| 245 ## - TITLE STATEMENT |
| Statement of responsibility, etc. |
ილ:მამუკა ტყეშელაშვილი |
| 260 ## - PUBLICATION, DISTRIBUTION, ETC. |
| Place of publication, distribution, etc. |
თბილისი |
| 260 ## - PUBLICATION, DISTRIBUTION, ETC. |
| Name of publisher, distributor, etc. |
ფავორიტი პრინტი |
| 260 ## - PUBLICATION, DISTRIBUTION, ETC. |
| Date of publication, distribution, etc. |
2011 |
| 300 ## - PHYSICAL DESCRIPTION |
| Extent |
104 გვ. : ილ. ; 24 სმ. |
| 520 ## - SUMMARY, ETC. |
| Summary, etc. |
ავტ.მითითებულნი არიან თავფურც.მე-2გვ. |
| 653 ## - INDEX TERM--UNCONTROLLED |
| Uncontrolled term |
მასწავლებლის ეთიკის სახელმძღვანელო. |
| 653 ## - INDEX TERM--UNCONTROLLED |
| Uncontrolled term |
პედაგოგიური ეთიკა; |
| 942 ## - ADDED ENTRY ELEMENTS (KOHA) |
| Koha item type |
წიგნი |